000
00286nam a2200109Ia 4500
008
230907s9999||||xx |||||||||||||| ||und||
082
_a
333.79,THE
245
4
_a
The handbook of global energy policy/
260
_a
Wiley Blackwell
_b
New York
_c
2013
300
_a
xxii,542p.:
942
_c
BK
999
_c
597949
_d
597949